[Event "IECC P-4471"]
[Site "IECC email"]
[Date "2008.08.10"]
[Round "?"]
[White "Cumiskey, Rob"]
[Black "English, Tony"]
[Result "1-0"]
[WhiteElo "1678"]
[BlackElo "1438"]
[PlyCount "33"]
[EventDate "2008.??.??"]
[EventType "match (corr)"]
[SourceTitle "Corr 2013"]
[Source "ChessBase"]
[SourceDate "2012.11.12"]
[SourceVersion "1"]
[SourceVersionDate "2012.11.12"]
[SourceQuality "1"]
[WhiteTeam "US of America"]
[BlackTeam "Australia"]
[WhiteTeamCountry "USA"]
[BlackTeamCountry "AUS"]

1. e4 c6 2. d4 d5 3. e5 Bf5 4. Be3 e6 5. Nd2 Nd7 6. Ngf3 h6 7. Nb3 Ne7 8. a3 Qc7 9. c3 f6 10. exf6 gxf6 11. Nh4 0-0-0 12. Bd3 Bxd3 13. Qxd3 Qb6 14. Qc2 Rg8 15. 0-0 Qc7 16. a4 f5 17. Qe2 1-0

[Event "IECC P-4416"]
[Site "IECC email"]
[Date "2008.02.16"]
[Round "?"]
[White "Richard, Andy"]
[Black "English, Tony"]
[Result "0-1"]
[WhiteElo "1041"]
[BlackElo "1405"]
[PlyCount "32"]
[EventDate "2008.??.??"]
[EventType "match (corr)"]
[SourceTitle "Corr 2013"]
[Source "ChessBase"]
[SourceDate "2012.11.12"]
[SourceVersion "1"]
[SourceVersionDate "2012.11.12"]
[SourceQuality "1"]
[WhiteTeam "US of America"]
[BlackTeam "Australia"]
[WhiteTeamCountry "USA"]
[BlackTeamCountry "AUS"]

1. d4 d5 2. c4 e6 3. Nc3 Nf6 4. cxd5 exd5 5. Bg5 Be7 6. e3 0-0 7. Bd3 c6 8. Qc2 Nbd7 9. Nf3 Re8 10. 0-0 Nf8 11. h3 Ne4 12. Bf4 Nxc3 13. bxc3 Bd6 14. Bxd6 Qxd6 15. Rab1 b5 16. a4 a6 0-1

[Event "P-4285"]
[Site "IECC email"]
[Date "2007.01.31"]
[Round "?"]
[White "English, Tony"]
[Black "Odendahl, Marcel"]
[Result "0-1"]
[WhiteElo "1408"]
[BlackElo "1280"]
[PlyCount "26"]
[EventDate "2007.??.??"]
[EventType "tourn (corr)"]
[SourceTitle "Corr 2020"]
[Source "ChessBase"]
[SourceDate "2019.09.30"]
[SourceVersion "1"]
[SourceVersionDate "2019.09.30"]
[SourceQuality "1"]
[WhiteTeam "United States"]
[BlackTeam "Germany"]
[WhiteTeamCountry "USA"]
[BlackTeamCountry "GER"]

1. e4 c5 2. Nf3 d6 3. d4 Nf6 4. Nc3 cxd4 5. Nxd4 Nc6 6. Bc4 Qb6 7. Nb3 g6 8. Be3 Qc7 9. f4 Bg7 10. Qd2 0-0 11. 0-0-0 a5 12. Bb5 a4 13. Nxa4 Nxe4 0-1

[Event "P-4122"]
[Site "IECC email"]
[Date "2006.04.22"]
[Round "?"]
[White "English, Tony"]
[Black "Smaldone, Tony"]
[Result "1-0"]
[WhiteElo "1400"]
[BlackElo "911"]
[PlyCount "37"]
[EventDate "2006.??.??"]
[EventType "tourn (corr)"]
[SourceTitle "Corr 2020"]
[Source "ChessBase"]
[SourceDate "2019.09.30"]
[SourceVersion "1"]
[SourceVersionDate "2019.09.30"]
[SourceQuality "1"]
[WhiteTeam "United States"]
[BlackTeam "United States"]
[WhiteTeamCountry "USA"]
[BlackTeamCountry "USA"]

1. e4 e5 2. Nf3 Nc6 3. Bb5 Nd4 4. Nxd4 exd4 5. 0-0 c6 6. Bc4 Qe7 7. d3 d6 8. Re1 h5 9. Bf4 Qf6 10. Qd2 b5 11. e5 dxe5 12. Bxe5 Qh6 13. Bxg7+ Ne7 14. Bxh6 Bxh6 15. Qe2 0-0 16. Qxe7 Bf5 17. Qf6 Rae8 18. Rxe8 Rxe8 19. Qxf7+ 1-0